Basic Electrical Engineering and Electronics (Record no. 220790)

MARC details
000 -LEADER
fixed length control field 00495nam a2200193Ia 4500
008 - FIXED-LENGTH DATA ELEMENTS--GENERAL INFORMATION
fixed length control field 240823s9999||||xx |||||||||||||| ||und||
020 ## - INTERNATIONAL STANDARD BOOK NUMBER
International Standard Book Number 978-81-239-1508-1
082 ## - DEWEY DECIMAL CLASSIFICATION NUMBER
-- 621.3 Q3
100 ## - MAIN ENTRY--PERSONAL NAME
Personal name Sharma D K
245 #0 - TITLE STATEMENT
Title Basic Electrical Engineering and Electronics
250 ## - EDITION STATEMENT
Edition statement 4th
260 ## - PUBLICATION, DISTRIBUTION, ETC. (IMPRINT)
Date of publication, distribution, etc 2013
Name of publisher, distributor, etc "CBS Publishers & Distributors,New "
500 ## - GENERAL NOTE
General note TRANSFERED
650 ## - SUBJECT ADDED ENTRY--TOPICAL TERM
Topical term or geographic name as entry element Electronics
942 ## - ADDED ENTRY ELEMENTS (KOHA)
Item type Books
Holdings
Withdrawn status Lost status Damaged status Permanent location Current location Shelving location Date acquired Source of acquisition Cost, normal purchase price Full call number Barcode Date last seen Koha item type
      CENTRAL LIBRARY, NOORUL ISLAM CENTRE FOR HIGHER EDUCATION CENTRAL LIBRARY, NOORUL ISLAM CENTRE FOR HIGHER EDUCATION   12/01/2014 Higginbothams Private Ltd 250.00 621.3 Q3 69972 08/23/2024 Books
Visitors:
Copyright © 2024 Central Library NICHE.  All rights reserved.